| 000 | 00820nac a22002411u 4500 | ||
|---|---|---|---|
| 010 | _a 76046652 | ||
| 020 | _a0376035528 : | ||
| 082 | 0 | 0 |
_a635.93415 _bKRA |
| 090 |
_c6070 _d6070 |
||
| 100 | _aKramer, Jack, | ||
| 245 | 1 | 0 |
_aHow to grow orchids / _cby the editors of Sunset books and Sunset magazine, [research and text, Jack Kramer ; supervising editor, Kathryn L. Arthurs]. |
| 250 | _a2d ed. | ||
| 260 |
_aMenlo Park, Calif. : _bLane Pub. Co.,c1977. _cc1977. |
||
| 300 |
_a64 p. : _bill. (some col.) ; _c28 cm. |
||
| 490 | 0 | _aA Sunset book | |
| 500 | _aOn spine: Orchids. | ||
| 500 | _aIncludes index. | ||
| 500 | _aDistributer: Al-Ahram. | ||
| 511 | _aCatalogued By: Mahitab. | ||
| 650 | 0 | _aOrchid culture. | |
| 650 | 0 | _aOrchids. | |
| 942 |
_cBB _k635.93415KRA |
||
| 999 |
_c6070 _d6070 |
||